[Event "68. BEM 2014"]
[Site "Dortmund"]
[Date "2014.01.27"]
[Round "1.2"]
[White "Zabel, Reinhard"]
[Black "Brendemühl, Bernd"]
[Result "0-1"]
[WhiteElo "1498"]
[BlackElo "1961"]
[PlyCount "50"]
[EventDate "2014.??.??"]
[Source "SG Dortmund"]
[SourceDate "2004.12.16"]

1. e4 c5 2. c3 e6 3. d4 cxd4 4. cxd4 d5 5. e5 Nc6 6. Nf3 Qb6 7. Nc3 Bd7 8. a3
f6 9. Be2 fxe5 10. dxe5 Nge7 11. Bb5 Ng6 12. Bxc6 bxc6 13. b4 c5 14. bxc5 Bxc5
15. O-O O-O 16. Na4 Bxa4 17. Qxa4 Rf5 18. Qc2 Rb8 19. Re1 Nh4 20. Be3 Nxf3+ 21.
gxf3 Bxe3 22. Rxe3 Qd4 23. Qc3 Qf4 24. Qe1 Rh5 25. Ra2 Rxh2 0-1

[Event "68. BEM 2014"]
[Site "Dortmund"]
[Date "2014.01.27"]
[Round "1.3"]
[White "Begna, Bozidar"]
[Black "Gegner, Michael"]
[Result "1/2-1/2"]
[WhiteElo "1958"]
[BlackElo "1491"]
[PlyCount "107"]
[EventDate "2014.??.??"]
[Source "SG Dortmund"]
[SourceDate "2004.12.16"]

1. Nf3 h6 2. g3 g5 3. d4 Bg7 4. Bg2 e6 5. Na3 Ne7 6. c3 d6 7. Nc2 Ng6 8. e4 Nd7
9. Be3 e5 10. Nd2 Nf6 11. h3 g4 12. h4 h5 13. Bg5 Bd7 14. Ne3 Ne7 15. Ndc4 Nh7
16. Bxe7 Qxe7 17. Nd5 Qd8 18. dxe5 dxe5 19. Qc2 b5 20. Nce3 c6 21. Nb4 a5 22.
Nd3 Qb6 23. Nf5 Bxf5 24. exf5 Rd8 25. O-O O-O {(=)} 26. Rad1 Rfe8 27. Rfe1 c5
28. b3 Qc7 29. c4 b4 30. Nb2 Rxd1 31. Nxd1 Nf6 {(=)} 32. Ne3 Rd8 33. Bd5 Bh6
34. Qe2 Nd7 35. Bg2 Nf6 36. Nd5 Nxd5 37. Bxd5 Bg7 38. Qe3 Qe7 {(=)} 39. Kh2 Kh7
40. f3 Qf6 41. fxg4 hxg4 42. Qxc5 e4 43. Qe3 Re8 44. Re2 Bh6 45. Qc5 e3 46.
Qxa5 Qc3 47. Bxf7 Qd3 48. Bg6+ Kh8 49. Rg2 e2 50. Qa7 Bg7 51. Bxe8 e1=Q 52. Qf7
Qdf1 53. Qh5+ Kg8 54. Qf7+ 1/2-1/2

[Event "68. BEM 2014"]
[Site "Dortmund"]
[Date "2014.01.27"]
[Round "1.4"]
[White "Duschek, Günter"]
[Black "Kropp, Andreas"]
[Result "0-1"]
[WhiteElo "1482"]
[BlackElo "1948"]
[PlyCount "90"]
[EventDate "2014.??.??"]
[Source "SG Dortmund"]
[SourceDate "2004.12.16"]

1. d4 Nf6 2. Nf3 g6 3. Nbd2 Bg7 4. e4 O-O 5. e5 Nd5 6. c4 Nb6 7. c5 Nd5 8. Bc4
c6 9. Qb3 d6 10. Bxd5 cxd5 11. Qxd5 dxe5 12. Qxd8 Rxd8 13. dxe5 Nc6 14. a3 Nxe5
15. Nxe5 Bxe5 16. Nf3 Bg7 17. O-O Rd5 18. Re1 e6 19. Re2 Rxc5 20. Be3 Rd5 21.
Rc1 Bd7 22. h3 Bc6 23. b4 a5 24. Bc5 axb4 25. axb4 Rad8 26. Ree1 Bb2 27. Rc2
Bf6 28. Bb6 R8d7 29. Kh2 Rb5 30. Bc5 Bxf3 31. gxf3 b6 32. Be3 Rxb4 33. Bh6 Rd8
34. Rec1 Rb5 35. Rc8 Rbd5 36. Be3 b5 37. f4 b4 38. Rxd8+ Rxd8 39. Rb1 Rb8 40.
Ba7 Rb7 41. Bc5 b3 42. Ba3 b2 43. Kg2 Bd4 44. Kf1 Rb3 45. Bd6 f6 0-1

[Event "68. BEM 2014"]
[Site "Dortmund"]
[Date "2014.01.27"]
[Round "1.5"]
[White "Stricker, Florian"]
[Black "Grawe, Herbert"]
[Result "1-0"]
[WhiteElo "1891"]
[BlackElo "1463"]
[PlyCount "67"]
[EventDate "2014.??.??"]
[Source "SG Dortmund"]
[SourceDate "2004.12.16"]

1. d4 Nc6 2. Nf3 e6 3. c4 Nf6 4. Nc3 a6 5. e4 h6 6. e5 Nh7 7. d5 Ne7 8. Bd3 g5
9. Qc2 g4 10. Nd4 Bg7 11. f4 Nf8 12. d6 cxd6 13. Ne4 Nfg6 14. Nxd6+ Kf8 15. O-O
b5 16. Be4 Ra7 17. cxb5 axb5 18. N4xb5 Qb6+ 19. Qf2 Qxf2+ 20. Rxf2 Ra4 21. b3
Rxe4 22. Nxe4 d5 23. Ned6 Bd7 24. a4 Nf5 25. a5 g3 26. hxg3 Nxg3 27. a6 Ke7 28.
a7 Bc6 29. Rc2 Kd7 30. Ra6 Bxb5 31. Nxb5 Ra8 32. Rc7+ Ke8 33. Rb6 Ne2+ 34. Kf2
1-0

[Event "68. BEM 2014"]
[Site "Dortmund"]
[Date "2014.01.27"]
[Round "1.6"]
[White "Simon, Stefan"]
[Black "Schütz, Ralf"]
[Result "0-1"]
[WhiteElo "1431"]
[BlackElo "1824"]
[PlyCount "106"]
[EventDate "2014.??.??"]
[Source "SG Dortmund"]
[SourceDate "2004.12.16"]

1. e4 c5 2. Nf3 Nc6 3. d4 cxd4 4. Nxd4 e5 5. Nb5 d6 6. N1c3 a6 7. Na3 b5 8. Nd5
Nf6 9. Bg5 Be7 10. Bxf6 gxf6 11. c3 f5 12. exf5 Bxf5 13. Qf3 Be6 14. Bd3 Rc8
15. Nc2 Bxd5 16. Qxd5 Bg5 17. Bf5 Ne7 18. Qe4 Rc4 19. Qd3 Nxf5 20. Qxf5 Qf6 21.
Qxf6 Bxf6 22. O-O Bd8 23. Rad1 Kd7 24. Ne3 Re4 25. Nf5 Bc7 26. Rd2 Ke6 27. Ng3
Rc4 28. Rfd1 f5 29. Rd3 Rd8 30. Nf1 f4 31. Nd2 Rc6 32. Ne4 Kf5 33. Nd2 Re8 34.
Rh3 Re7 35. Nf3 Rg7 36. Rh6 b4 37. Rd3 bxc3 38. bxc3 Rb6 39. Kf1 Rb1+ 40. Ke2
Rb2+ 41. Rd2 Rxd2+ 42. Nxd2 Rxg2 43. Nc4 d5 44. Rxh7 Bd8 45. Rd7 dxc4 46. Rxd8
Ke4 47. Rc8 f3+ 48. Ke1 Kd3 49. Rd8+ Kxc3 50. Kf1 Rxh2 51. Rg8 Rh1+ 52. Rg1
Rxg1+ 53. Kxg1 Kd2 0-1

[Event "68. BEM 2014"]
[Site "Dortmund"]
[Date "2014.01.27"]
[Round "1.7"]
[White "Krug, Roland"]
[Black "Pachura, Karl-Heinz"]
[Result "1-0"]
[WhiteElo "1767"]
[BlackElo "1396"]
[PlyCount "87"]
[EventDate "2014.??.??"]
[Source "SG Dortmund"]
[SourceDate "2004.12.16"]

1. d4 d5 2. c4 e6 3. Nf3 Be7 4. g3 Nf6 5. Bg2 dxc4 6. Qa4+ Bd7 7. Qxc4 b5 8.
Qd3 Nc6 9. O-O Rb8 10. a3 Na5 11. b4 Nc4 12. Nbd2 Nxd2 13. Bxd2 O-O 14. Ne5 Be8
15. Rac1 Nd7 16. Nc6 Nc5 17. bxc5 Bxc6 18. Bxc6 a6 19. Rfd1 Bf6 20. Bf4 Qe7 21.
e4 e5 22. dxe5 Bxe5 23. Bxe5 Qxe5 24. f4 Qf6 25. Bd5 Rfd8 26. c6 h5 27. h4 Qe7
28. Kh2 Rd6 29. Qf3 g6 30. e5 Rdd8 31. Rd3 Kg7 32. Rcd1 Qc5 33. Be4 Rxd3 34.
Qxd3 b4 35. axb4 Rxb4 36. Bg2 Rb2 37. Rd2 Qc1 38. Rxb2 Qxb2 39. Qxa6 Qb4 40.
Qd3 Qc5 41. Qd8 Qb6 42. Qf6+ Kf8 43. e6 Qb3 44. Qxf7# 1-0

[Event "68. BEM 2014"]
[Site "Dortmund"]
[Date "2014.01.27"]
[Round "1.8"]
[White "Jentzsch, Werner Wilfried"]
[Black "Cogan, Leonid"]
[Result "0-1"]
[WhiteElo "1337"]
[BlackElo "1741"]
[PlyCount "114"]
[EventDate "2014.??.??"]
[Source "SG Dortmund"]
[SourceDate "2004.12.16"]

1. d4 Nf6 2. c4 e6 3. Nc3 d5 4. c5 b6 5. b4 a5 6. cxb6 Bxb4 7. Bd2 cxb6 8. e3
O-O 9. Bd3 Ba6 10. Qc2 Bxd3 11. Qxd3 Nbd7 12. Nge2 e5 13. O-O e4 14. Qb5 Qe7
15. Rfd1 Qd6 16. Nf4 Bxc3 17. Bxc3 Rfc8 18. Rdc1 Rc4 19. Bb2 Rac8 20. Rxc4 dxc4
21. Rc1 Qc6 22. Qxc6 Rxc6 23. d5 Rc8 24. Kf1 b5 25. f3 exf3 26. gxf3 g5 27. Nh3
Nxd5 28. Nxg5 c3 29. Ne4 b4 30. Ke2 Re8 31. Ba1 f5 32. Nd6 Rxe3+ 33. Kf2 f4 34.
Nc4 Re6 35. Nxa5 Ra6 36. Nb3 Rxa2+ 37. Kg1 Ne3 38. Nd4 Nc5 39. Bxc3 bxc3 40.
Rxc3 Rd2 41. Rxc5 Rxd4 42. Rg5+ Kf7 43. h4 Rd5 44. Rxd5 Nxd5 45. Kh2 Kg6 46.
Kh3 Kh5 47. Kh2 Kxh4 48. Kg2 h5 49. Kh2 Ne3 50. Kg1 Kg3 51. Kh1 Kxf3 52. Kg1
Ke2 53. Kh2 f3 54. Kg1 f2+ 55. Kh2 f1=Q 56. Kg3 Qf3+ 57. Kh2 Qg2# 0-1

[Event "68. BEM 2014"]
[Site "Dortmund"]
[Date "2014.01.27"]
[Round "1.9"]
[White "Simon, Thomas"]
[Black "Wangrin, Stefan A"]
[Result "1-0"]
[WhiteElo "1730"]
[BlackElo "1323"]
[PlyCount "77"]
[EventDate "2014.??.??"]
[Source "SG Dortmund"]
[SourceDate "2004.12.16"]

1. Nf3 c5 2. c4 Nc6 3. d4 e6 4. d5 exd5 5. cxd5 Nb8 6. Nc3 d6 7. e4 Nd7 8. Bf4
Qb6 9. Qc2 Be7 10. Bb5 a6 11. Be2 Qc7 12. a4 Ne5 13. Nxe5 dxe5 14. Be3 Nf6 15.
O-O h6 16. f4 Ng4 17. Bxg4 Bxg4 18. fxe5 Bg5 19. Qf2 Bxe3 20. Qxe3 Qe7 21. Qg3
Qg5 22. h4 Qg6 23. Rf4 Bh5 24. Qf2 Rc8 25. Rf1 O-O 26. e6 f6 27. d6 Rc6 28. e7
Qe8 29. exf8=Q+ Kxf8 30. Qd2 Qe5 31. d7 Rd6 32. d8=Q+ Rxd8 33. Qxd8+ Kf7 34.
Qd5+ Kg6 35. Rxf6+ Qxf6 36. Rxf6+ Kh7 37. Qf5+ g6 38. Rf7+ Kg8 39. Rf8+ 1-0

[Event "68. BEM 2014"]
[Site "Dortmund"]
[Date "2014.01.27"]
[Round "1.10"]
[White "Busse, Siegfried"]
[Black "Ewers, Christian"]
[Result "0-1"]
[WhiteElo "1284"]
[BlackElo "1692"]
[PlyCount "26"]
[EventDate "2014.??.??"]
[Source "SG Dortmund"]
[SourceDate "2004.12.16"]

1. d4 Nf6 2. c4 c5 3. Nf3 g6 4. Nc3 cxd4 5. Nxd4 Bg7 6. b3 Qa5 7. Bb2 Nc6 8.
Nxc6 dxc6 9. Qd2 O-O 10. O-O-O Bf5 11. f3 Rad8 12. Qe1 Rxd1+ 13. Qxd1 Bh6+ 0-1

[Event "68. BEM 2014"]
[Site "Dortmund"]
[Date "2014.01.27"]
[Round "1.11"]
[White "Rauschenbusch, Udo"]
[Black "Schlettig, Hans-Joachim"]
[Result "1-0"]
[WhiteElo "1651"]
[BlackElo "1183"]
[PlyCount "91"]
[EventDate "2014.??.??"]
[Source "SG Dortmund"]
[SourceDate "2004.12.16"]

1. c4 c5 2. g3 Nc6 3. Bg2 Nf6 4. Nc3 e5 5. e3 d6 6. Nge2 Be7 7. O-O O-O 8. d4
Bg4 9. d5 Na5 10. b3 a6 11. f3 Bh5 12. g4 Bg6 13. e4 h6 14. Be3 Rb8 15. a4 b6
16. Ng3 Qd7 17. Rb1 h5 18. g5 Nh7 19. h4 f6 20. Qd2 fxg5 21. hxg5 Qd8 22. Nce2
Bxg5 23. f4 exf4 24. Nxf4 Bxf4 25. Bxf4 Nb7 26. Bh3 h4 27. Nf5 Bxf5 28. Bxf5
Rf6 29. Rf2 Qe7 30. Qd3 Rbf8 31. Bxh7+ Kh8 32. Bg5 Kxh7 33. e5+ Rg6 34. Qxg6+
Kxg6 35. Bxe7 Rxf2 36. Kxf2 dxe5 37. d6 Kf7 38. Rd1 h3 39. Kg3 h2 40. Kxh2 Ke8
41. Kg3 Kd7 42. Kg4 Na5 43. Rd3 Nc6 44. Kf5 Nxe7+ 45. dxe7+ Kxe7 46. Kxe5 1-0

[Event "68. BEM 2014"]
[Site "Dortmund"]
[Date "2014.01.27"]
[Round "1.12"]
[White "Kawka, Bogdan"]
[Black "Khess, Roman"]
[Result "0-1"]
[WhiteElo "1118"]
[BlackElo "1644"]
[PlyCount "76"]
[EventDate "2014.??.??"]
[Source "SG Dortmund"]
[SourceDate "2004.12.16"]

1. e4 e5 2. Nf3 Nc6 3. Bb5 a6 4. Bxc6 dxc6 5. h3 Bc5 6. d3 Qe7 7. Qe2 h6 8. Be3
Bxe3 9. Qxe3 Nf6 10. c3 O-O 11. Nbd2 Re8 12. O-O c5 13. Nc4 Nd7 14. a4 b6 15.
Nh2 Nf8 16. Qg3 Ng6 17. Ne3 Nf4 18. Qf3 Be6 19. Rfd1 Rad8 20. Nc4 f6 21. b3 Qf7
22. Ng4 Ng6 23. g3 Rd7 24. Kg2 Red8 25. Rd2 Ne7 26. Ncxe5 fxe5 27. Qxf7+ Bxf7
28. Nxe5 Rd6 29. c4 Ng6 30. Nxg6 Bxg6 31. Rad1 Bxe4+ 32. f3 Bxd3 33. Kf2 Bg6
34. Rxd6 Rxd6 35. Re1 Kf7 36. g4 Rd2+ 37. Re2 Rxe2+ 38. Kxe2 Bc2 0-1

[Event "68. BEM 2014"]
[Site "Dortmund"]
[Date "2014.01.27"]
[Round "1.13"]
[White "Raskin, Vitali"]
[Black "Böckmann, Lieselotte"]
[Result "1-0"]
[WhiteElo "1619"]
[BlackElo "1051"]
[PlyCount "71"]
[EventDate "2014.??.??"]
[Source "SG Dortmund"]
[SourceDate "2004.12.16"]

1. e4 e6 2. d4 d5 3. e5 c5 4. Bb5+ Bd7 5. Bxd7+ Nxd7 6. c3 c4 7. Nf3 h6 8. O-O
Ne7 9. Na3 a6 10. b3 Ng6 11. bxc4 Qa5 12. Qb3 Be7 13. cxd5 exd5 14. Nc2 Rc8 15.
Bd2 O-O 16. Ne3 Nb6 17. c4 Qa4 18. Qxb6 Bd8 19. Qxb7 Rc7 20. Qxd5 Nf4 21. Qe4
Ne6 22. d5 Ng5 23. Nxg5 Bxg5 24. f4 Bd8 25. d6 Rc5 26. Rab1 Qxa2 27. Bb4 Bb6
28. Bxc5 Bxc5 29. Kh1 Bxe3 30. Qxe3 Qxc4 31. Rfc1 Qe6 32. h3 f6 33. Qb3 Qxb3
34. Rxb3 fxe5 35. fxe5 Kf7 36. Rf1+ 1-0

[Event "68. BEM 2014"]
[Site "Dortmund"]
[Date "2014.01.27"]
[Round "1.14"]
[White "Schmidt, Andreas N"]
[Black "Ziemek, Gerhard"]
[Result "0-1"]
[WhiteElo "984"]
[BlackElo "1615"]
[PlyCount "68"]
[EventDate "2014.??.??"]
[Source "SG Dortmund"]
[SourceDate "2004.12.16"]

1. e4 c5 2. Nf3 d6 3. Bc4 Nc6 4. c3 Nf6 5. Ng5 e6 6. d4 cxd4 7. cxd4 Be7 8. Nc3
O-O 9. Be3 a6 10. a4 d5 11. Bb3 Na5 12. Bc2 Nc4 13. Rb1 Qc7 14. Qd3 h6 15. Nh7
Nxh7 16. e5 g6 17. Bxh6 Nxe5 18. dxe5 Qxe5+ 19. Ne2 Bb4+ 20. Kf1 Rd8 21. Nf4
Qf6 22. Nh5 Qe5 23. Nf4 Qf6 24. Nh5 Qh4 25. Bg7 Qxh5 26. Qd4 Bf8 27. Be5 Bd7
28. Bf4 Rac8 29. Bd2 Rxc2 30. Bc3 Qe2+ 31. Kg1 e5 32. Qh4 Re8 33. Re1 Rxc3 34.
bxc3 Qxe1# 0-1

[Event "68. BEM 2014"]
[Site "Dortmund"]
[Date "2014.01.27"]
[Round "1.15"]
[White "Benke, Werner"]
[Black "Reker, Gerhard"]
[Result "1-0"]
[WhiteElo "1555"]
[BlackElo "890"]
[PlyCount "49"]
[EventDate "2014.??.??"]
[Source "SG Dortmund"]
[SourceDate "2004.12.16"]

1. d4 d5 2. Nf3 Nf6 3. Nbd2 e6 4. c4 dxc4 5. Nxc4 Bd6 6. e3 O-O 7. Bd3 h6 8.
O-O Nc6 9. Bd2 Nb4 10. Bxb4 Bxb4 11. Rc1 Nd5 12. h3 c6 13. a3 Be7 14. Bb1 Bf6
15. Qd3 g6 16. Nce5 Bxe5 17. Nxe5 Qf6 18. b4 b6 19. Rxc6 Rd8 20. f3 a5 21. Rcc1
Ba6 22. b5 Bb7 23. Nc6 Rdc8 24. Rf2 Bxc6 25. bxc6 {
Die Partie ist ab hier nicht mehr in vertretbarer Zeit rekonstruierbar.} 1-0

[Event "68. BEM 2014"]
[Site "Dortmund"]
[Date "2014.01.27"]
[Round "1.16"]
[White "Sobottka, Hans-Gerald"]
[Black "Reinacher, Detlev"]
[Result "0-1"]
[WhiteElo "876"]
[BlackElo "1532"]
[PlyCount "64"]
[EventDate "2014.??.??"]
[Source "SG Dortmund"]
[SourceDate "2004.12.16"]

1. e4 d6 2. d4 g6 3. Nf3 Bg7 4. Nc3 Nf6 5. Bd3 c6 6. O-O O-O 7. Re1 Qc7 8. Bf4
Nh5 9. Qd2 Nxf4 10. Qxf4 e5 11. Qe3 Nd7 12. d5 a6 13. Ng5 Nf6 14. a4 h6 15. Nh3
Bd7 16. b4 cxd5 17. Nxd5 Nxd5 18. exd5 e4 19. Rad1 exd3 20. Qxd3 Bf5 21. Qe3
Qxc2 22. a5 Rfe8 23. Qf4 Rxe1+ 24. Rxe1 Qc3 25. Rc1 Re8 26. g4 Qxh3 27. gxf5
Be5 28. Qc4 Qxh2+ 29. Kf1 Qh1+ 30. Ke2 Bf4+ 31. Kd3 Qxc1 32. fxg6 Qd2# 0-1

[Event "68. BEM 2014"]
[Site "Dortmund"]
[Date "2014.01.27"]
[Round "1.18"]
[White "Sohraby, Darjusch"]
[Black "Wilkins, Petra"]
[Result "1-0"]
[WhiteElo "1292"]
[BlackElo "942"]
[PlyCount "93"]
[EventDate "2014.??.??"]
[Source "SG Dortmund"]
[SourceDate "2004.12.16"]

1. d4 d6 2. c4 Nf6 3. Nc3 g6 4. Nf3 Bg7 5. e3 O-O 6. Be2 c6 7. O-O Qc7 8. b4
Nbd7 9. Bd2 e5 10. b5 d5 11. dxe5 Nxe5 12. bxc6 bxc6 13. cxd5 cxd5 14. Nd4 Neg4
15. g3 h5 16. Rc1 Qe7 17. Qb3 Bb7 18. Bxg4 hxg4 19. Ncb5 Ne4 20. Bb4 Qf6 21.
Bxf8 Nd2 22. Qd3 Nxf1 23. Bxg7 Kxg7 24. Qxf1 Ba6 25. Rc6 Bxb5 26. Qxb5 Qe5 27.
Ne6+ Kh6 28. Nc7 Rd8 29. Rc5 Qa1+ 30. Kg2 d4 31. exd4 Qxd4 32. Rd5 Qe4+ 33. Kg1
Qe1+ 34. Qf1 Qe7 35. Rxd8 Qxd8 36. Qc1+ g5 37. Qc6+ f6 38. Ne6 Qd1+ 39. Kg2 Qe2
40. Nd4 Qe5 41. Nb3 Qb2 42. Qa6 Qb1 43. Qxf6+ Kh7 44. Nd2 Qxa2 45. Qxg5 a5 46.
Ne4 Qg8 47. Nf6+ 1-0

[Event "68. BEM 2014"]
[Site "Dortmund"]
[Date "2014.01.28"]
[Round "2.1"]
[White "Brendemühl, Bernd"]
[Black "Rauschenbusch, Udo"]
[Result "1-0"]
[WhiteElo "1961"]
[BlackElo "1651"]
[PlyCount "93"]
[EventDate "2014.??.??"]
[Source "SG Dortmund"]
[SourceDate "2004.12.16"]

1. e4 Nf6 2. e5 Nd5 3. d4 d6 4. Nf3 Bg4 5. Be2 Nc6 6. O-O e6 7. c4 Nb6 8. Nbd2
Be7 9. exd6 cxd6 10. b3 O-O 11. Bb2 Bf6 12. Ne4 d5 13. Nxf6+ Qxf6 14. Qd2 Rfd8
15. c5 Nd7 16. b4 Ne7 17. Ne5 Bxe2 18. Qxe2 Rac8 19. f4 Nf5 20. Rae1 Nxe5 21.
fxe5 Qh4 22. Rd1 h5 23. Rf3 Qg4 24. Qf2 h4 25. Rf1 g6 26. Rf4 Qh5 27. Bc3 g5
28. Rxf5 exf5 29. Qxf5 Rc6 30. b5 Rh6 31. Bd2 Rf8 32. Bxg5 Rg6 33. Bf6 Qxf5 34.
Rxf5 Kh7 35. Rh5+ Rh6 36. Rxh4 Rxh4 37. Bxh4 Kg6 38. Kf2 Kf5 39. Kf3 Rg8 40. h3
a6 41. b6 Rg6 42. g4+ Ke6 43. Bf6 Kd7 44. h4 Kc6 45. a4 Kd7 46. h5 Rh6 47. Bg7
1-0

[Event "68. BEM 2014"]
[Site "Dortmund"]
[Date "2014.01.28"]
[Round "2.2"]
[White "Kropp, Andreas"]
[Black "Raskin, Vitali"]
[Result "0-1"]
[WhiteElo "1948"]
[BlackElo "1619"]
[PlyCount "86"]
[EventDate "2014.??.??"]
[Source "SG Dortmund"]
[SourceDate "2004.12.16"]

1. c4 Nf6 2. g3 e6 3. Bg2 d5 4. d3 Nc6 5. Nd2 Bc5 6. Ngf3 O-O 7. O-O e5 8. cxd5
Nxd5 9. a3 a5 10. Qc2 Ba7 11. Nc4 f6 12. e3 Be6 13. Bd2 Qc8 14. Rac1 a4 15.
Rfd1 b5 16. e4 bxc4 17. exd5 Bxd5 18. dxc4 Nd4 19. Nxd4 Bxg2 20. Kxg2 Bxd4 21.
Bc3 Qb7+ 22. f3 c5 23. Bxd4 exd4 24. Re1 Qd7 25. Re4 Rfe8 26. Rce1 Rxe4 27.
Qxe4 Rb8 28. Re2 Kf7 29. Qxh7 d3 30. Rd2 f5 31. Qh5+ Kg8 32. Qh4 Rb3 33. Qf4
Qe6 34. Kf1 g6 35. g4 Qf6 36. gxf5 Rxb2 37. Rxd3 Rb1+ 38. Kg2 Rb2+ 39. Kg3 gxf5
40. Rd6 Qg7+ 41. Kh4 Qh7+ 42. Kg5 Rg2+ 43. Kf6 Qf7+ 0-1

[Event "68. BEM 2014"]
[Site "Dortmund"]
[Date "2014.01.28"]
[Round "2.3"]
[White "Khess, Roman"]
[Black "Stricker, Florian"]
[Result "0-1"]
[WhiteElo "1644"]
[BlackElo "1891"]
[PlyCount "74"]
[EventDate "2014.??.??"]
[Source "SG Dortmund"]
[SourceDate "2004.12.16"]

1. c4 e5 2. Nc3 Nf6 3. g3 c6 4. Bg2 d5 5. cxd5 cxd5 6. d3 Nc6 7. Bg5 d4 8. Ne4
Be7 9. Nxf6+ Bxf6 10. Bxf6 Qxf6 11. Nf3 O-O 12. O-O Be6 13. Nd2 Qe7 14. a3 a5
15. Rc1 a4 16. Nc4 Ra6 17. Qd2 f6 18. Bxc6 bxc6 19. f4 Bh3 20. Rf2 c5 21. e4
exf4 22. Qxf4 g5 23. Qf3 f5 24. e5 Rd8 25. Qe2 Bg4 26. Qf1 f4 27. Qg2 f3 28.
Qf1 Bh5 29. Qe1 g4 30. Nd6 Bg6 31. Rd1 Raxd6 32. exd6 Qxe1+ 33. Rxe1 Bxd3 34.
Re5 Rxd6 35. Rxc5 Be2 36. Rxe2 fxe2 37. Kf2 d3 0-1

[Event "68. BEM 2014"]
[Site "Dortmund"]
[Date "2014.01.28"]
[Round "2.4"]
[White "Schütz, Ralf"]
[Black "Benke, Werner"]
[Result "1-0"]
[WhiteElo "1824"]
[BlackElo "1555"]
[PlyCount "43"]
[EventDate "2014.??.??"]
[Source "SG Dortmund"]
[SourceDate "2004.12.16"]

1. e4 c5 2. Nf3 d6 3. d4 cxd4 4. Nxd4 Nf6 5. Nc3 Nc6 6. Be2 g6 7. Be3 Bg7 8.
O-O O-O 9. h3 Nxd4 10. Bxd4 Bd7 11. Qd2 Bc6 12. Bf3 Qd7 13. Nd5 Ne8 14. c4 b6
15. a4 e6 16. Nc3 Qb7 17. Bxg7 Kxg7 18. Rfe1 Rd8 19. Re3 Kg8 20. Rd3 Nf6 21. e5
Bxf3 22. exf6 1-0

[Event "68. BEM 2014"]
[Site "Dortmund"]
[Date "2014.01.28"]
[Round "2.5"]
[White "Ziemek, Gerhard"]
[Black "Krug, Roland"]
[Result "0-1"]
[WhiteElo "1615"]
[BlackElo "1767"]
[PlyCount "124"]
[EventDate "2014.??.??"]
[Source "SG Dortmund"]
[SourceDate "2004.12.16"]

1. d4 d5 2. c4 e6 3. Nc3 Nf6 4. Bg5 Be7 5. Nf3 Nbd7 6. c5 c6 7. Qc2 b6 8. b4 a5
9. Bxf6 Bxf6 10. b5 Bb7 11. e4 bxc5 12. bxc6 Bxc6 13. e5 Be7 14. dxc5 Nxc5 15.
Rd1 Rc8 16. Be2 O-O 17. O-O Qc7 18. Qd2 Nd7 19. Qe3 Qb6 20. Nd4 Bc5 21. Qf4
Bxd4 22. Rxd4 Qc7 23. Qh4 Qxe5 24. Bd3 f5 25. Ne2 Nc5 26. Qh3 Nxd3 27. Qxd3 Rb8
28. Qd2 Bb5 29. Re1 Bxe2 30. f4 Qd6 31. Rxe2 Rb1+ 32. Kf2 Qb6 33. Kf3 h6 34.
Qc3 Rb4 35. Rd3 Re4 36. Rb2 Qd6 37. g3 a4 38. Rb7 d4 39. Qb2 Qd5 40. Kf2 Qc4
41. Rd2 Rd8 42. Rb4 Qc6 43. Rb6 Qe8 44. Rb7 Kh7 45. Rc2 Rd7 46. Qb5 Re7 47.
Qxe8 Rxe8 48. Rcc7 Rg8 49. Rd7 Kg6 50. Ra7 d3 51. Rxd3 Kf6 52. Rdd7 g5 53.
fxg5+ hxg5 54. Rd2 g4 55. Ra6 Rc8 56. Rad6 Rc3 57. R6d3 Rec4 58. Ke3 Ke5 59.
Ke2 Rxd3 60. Kxd3 Rd4+ 61. Ke3 Rxd2 62. Kxd2 Kd4 0-1

[Event "68. BEM 2014"]
[Site "Dortmund"]
[Date "2014.01.28"]
[Round "2.6"]
[White "Cogan, Leonid"]
[Black "Brohl, Thomas"]
[Result "1-0"]
[WhiteElo "1741"]
[BlackElo "1523"]
[PlyCount "63"]
[EventDate "2014.??.??"]
[Source "SG Dortmund"]
[SourceDate "2004.12.16"]

1. e4 e5 2. Nf3 d6 3. d4 exd4 4. Nxd4 Nf6 5. Nc3 Be7 6. g3 O-O 7. Bg2 Nbd7 8.
O-O Nc5 9. h3 Re8 10. g4 Ne6 11. Nf5 h6 12. f4 Rb8 13. Nxe7+ Qxe7 14. f5 Nc5
15. Re1 Qe5 16. Qf3 d5 17. Bf4 Qd4+ 18. Be3 dxe4 19. Bxd4 exf3 20. Bxf3 Ncd7
21. Nb5 c5 22. Bf2 a6 23. Nd6 Rxe1+ 24. Rxe1 b6 25. Bg3 b5 26. Re7 a5 27. Rxf7
Ba6 28. Re7 Rb6 29. h4 Kf8 30. Re6 b4 31. g5 hxg5 32. hxg5 1-0

[Event "68. BEM 2014"]
[Site "Dortmund"]
[Date "2014.01.28"]
[Round "2.7"]
[White "Kartsev, Nikolaj"]
[Black "Simon, Thomas"]
[Result "1-0"]
[WhiteElo "1519"]
[BlackElo "1730"]
[PlyCount "95"]
[EventDate "2014.??.??"]
[Source "SG Dortmund"]
[SourceDate "2004.12.16"]

1. e4 d6 2. d4 g6 3. Be3 Bg7 4. f4 Nf6 5. Nd2 Ng4 6. Qe2 Nxe3 7. Qxe3 c6 8.
Ngf3 O-O 9. Bd3 Nd7 10. c3 Nf6 11. h3 Qc7 12. g4 h5 13. gxh5 Nxh5 14. f5 e5 15.
Rg1 Nf4 16. O-O-O d5 17. Nxe5 Bxe5 18. dxe5 Qxe5 19. Nf3 Nxd3+ 20. Rxd3 Qg7 21.
Nh4 dxe4 22. Rd2 Kh7 23. Nxg6 Bxf5 24. Nxf8+ Qxf8 25. Rdg2 Qh6 26. Rg7+ Qxg7
27. Rxg7+ Kxg7 28. Qg5+ Bg6 29. h4 Rh8 30. Kd2 Rh5 31. Qg4 Rd5+ 32. Ke3 Rd3+
33. Ke2 Rd5 34. c4 Rf5 35. b4 Kf6 36. Ke3 b6 37. a4 c5 38. b5 Rf3+ 39. Ke2 Rf5
40. Qg3 Bh5+ 41. Ke1 Re5 42. Qf4+ Rf5 43. Qd6+ Kg7 44. Qe7 Bg6 45. Qxa7 Rf6 46.
a5 e3 47. axb6 Bd3 48. Qa1 1-0

[Event "68. BEM 2014"]
[Site "Dortmund"]
[Date "2014.01.28"]
[Round "2.8"]
[White "Ewers, Christian"]
[Black "Sohraby, Darjusch"]
[Result "1-0"]
[WhiteElo "1692"]
[BlackElo "1292"]
[PlyCount "37"]
[EventDate "2014.??.??"]
[Source "SG Dortmund"]
[SourceDate "2004.12.16"]

1. e4 d5 2. exd5 Qxd5 3. Nc3 Qa5 4. g3 c6 5. Bg2 Bf5 6. b4 Qc7 7. Nge2 Nf6 8.
d4 e6 9. Bf4 Bd6 10. Bxd6 Qxd6 11. Rb1 Nd5 12. b5 Nb4 13. Ne4 Bxe4 14. Bxe4 O-O
15. a3 f5 16. Bg2 Nd5 17. c4 Nc7 18. Qb3 b6 19. c5 1-0

[Event "68. BEM 2014"]
[Site "Dortmund"]
[Date "2014.01.28"]
[Round "2.9"]
[White "Reinacher, Detlev"]
[Black "Begna, Bozidar"]
[Result "0-1"]
[WhiteElo "1532"]
[BlackElo "1958"]
[PlyCount "42"]
[EventDate "2014.??.??"]
[Source "SG Dortmund"]
[SourceDate "2004.12.16"]

1. e4 d6 2. d3 g6 3. g3 Bg7 4. Bg2 c6 5. Nf3 e5 6. Nbd2 Ne7 7. O-O O-O 8. c3
Na6 9. a3 Nc5 10. Qc2 a5 11. b3 b6 12. Bb2 Ba6 13. c4 Ne6 14. b4 Kh8 15. Rfd1
Qc7 16. Nf1 f5 17. exf5 Nxf5 18. Re1 Bb7 19. Re2 c5 20. Rae1 Bxf3 21. Bxf3 Nfd4
0-1

[Event "68. BEM 2014"]
[Site "Dortmund"]
[Date "2014.01.28"]
[Round "2.10"]
[White "Gegner, Michael"]
[Black "Grube, Jörg"]
[Result "1/2-1/2"]
[WhiteElo "1491"]
[BlackElo "1810"]
[PlyCount "45"]
[EventDate "2014.??.??"]
[Source "SG Dortmund"]
[SourceDate "2004.12.16"]

1. d4 Nf6 2. Nc3 g6 3. e4 d6 4. Nf3 Bg7 5. Be3 c6 6. Qd2 b5 7. Bd3 Ng4 8. Bg5
b4 9. Ne2 h6 10. Bh4 g5 11. Bg3 Qb6 12. c3 Ba6 13. Bc2 bxc3 14. bxc3 Nd7 15. h4
c5 16. hxg5 cxd4 17. cxd4 Qb2 18. Rb1 Qxa2 19. Nc1 Qa3 20. Rb3 Qa1 21. Rb1 Qa3
22. Rb3 Qa1 23. Rb1 1/2-1/2

[Event "68. BEM 2014"]
[Site "Dortmund"]
[Date "2014.01.28"]
[Round "2.11"]
[White "Schlettig, Hans-Joachim"]
[Black "Zabel, Reinhard"]
[Result "0-1"]
[WhiteElo "1183"]
[BlackElo "1498"]
[PlyCount "26"]
[EventDate "2014.??.??"]
[Source "SG Dortmund"]
[SourceDate "2004.12.16"]

1. e4 e5 2. Nf3 Nf6 3. d4 Nxe4 4. Qd3 d5 5. Nc3 Nxc3 6. Qxc3 e4 7. Bb5+ c6 8.
Bxc6+ Nxc6 9. Qe3 Bd6 10. O-O O-O 11. Nd2 Re8 12. Re1 Qc7 13. Nf3 Nb4 0-1